| 000 | 00564nam a2200169 4500 | ||
|---|---|---|---|
| 001 | 113409 | ||
| 003 | ES-MaACL | ||
| 005 | 20230906185859.0 | ||
| 007 | t| | ||
| 008 | 061121s1973 sp r ||||1| spa d | ||
| 100 | 1 |
_aNiven, David. _985783 |
|
| 245 | 1 | 3 |
_aLa aventura de mi vida _b: de la academia militar de Sandhurts a los estudios de Hollywood / _cDavid Niven ; traducción de Carlos Casas. |
| 260 |
_aBarcelona : _bNoguer, _c1973. |
||
| 300 |
_a338 p., 8 lám. : _bil. ; _c22 cm. |
||
| 700 | 1 |
_aCasas, Carlos. _936188 |
|
| 852 |
_aES-MaACL _jC-53976 _bR.86152 |
||
| 999 |
_c113409 _d113409 |
||